Küreselleşme uluslararası dayanışma (Record no. 6956)
[ view plain ]
| 000 -BAŞLIK | |
|---|---|
| Sabit Uzunlukta Kontrol Alanı | 00884na a2200241 4500 |
| 001 - KONTROL NUMARASI | |
| Denetim Alanı | 18634 |
| 003 - KONTROL NUMARASI IDENTIFIER | |
| Denetim Alanı | MIRAKIL |
| 005 - SON İŞLEM TARİHİ VE ZAMANI | |
| Denetim Alanı | 20181213155124.0 |
| 008 - SABİT-BOY VERİ ELEMANLARI - GENEL BİLGİLER | |
| Sabit Uzunlukta Kontrol Alanı | 161122b tu 000 0 |
| 035 ## - SİSTEM KONTROL NUMARASI | |
| Sistem Kontrol Numarası | 18634 |
| 040 ## - KATALOGLAMA KAYNAK | |
| Orijinal Kataloglama Ajansı | Milas |
| Kataloglama Dili | tur |
| Metne Dönüştürmek Ajansı | TR-AnCHP |
| 041 ## - DİL KODU | |
| Metin / Ses Parça Veya Ayrı Başlığın Dil Kodu | tur |
| 082 ## - DEWEY ONLU SINIFLANDIRMA NUMARASI | |
| Sınıflandırma Numarası | 331.88 |
| Ürün Numarası | K96 1992 |
| 090 ## - SINIFLAMA NUMARASI | |
| Sınıflama Numarası | 331.88 K96 1992 |
| 245 ## - BAŞLIK TABLOSU | |
| Başlık | Küreselleşme uluslararası dayanışma |
| Başlığın Kalan | Sivil havacılık endüstrisinin küreselleşmesi ve bunun işçiler üzerindeki etkiler |
| Sorumluluk Tablosu, Vb | ITF, Hava İş |
| 260 ## - YAYIN, DAĞITIM, VB | |
| Yayın, Dağıtım, Vb Yeri | Londra |
| Yayıncı, Dağıtıcı, Vs Adı | ITF |
| Yayın, Dağıtım, Vb Tarihi | 1992 |
| 300 ## - FİZİKSEL TANIM | |
| Kapsam | 108 s. |
| Boyutlar | 28 sm. |
| 500 ## - GENEL NOT | |
| Genel Not | Uluslararası Ulaşım İşçileri Federasyonu, (ITF) Sivil Havacılık Konferansı için hazırlanmış bir rapor. |
| 650 ## - KONU KATMA GİRİŞ - TOPİKAL DÖNEM | |
| Topikal Süreli Veya Coğrafi Ad Giriş Elemanı | Sivil havacılık |
| Genel Alt Bölümü | İşçiler |
| Kronolojik Alt Bölümü | Toplantılar |
| 650 ## - KONU KATMA GİRİŞ - TOPİKAL DÖNEM | |
| Topikal Süreli Veya Coğrafi Ad Giriş Elemanı | Küreselleşme |
| Genel Alt Bölümü | İşçi sendikaları |
| 710 ## - KATMA GİRİŞ - KURUMSAL ADI | |
| Giriş Elemanı Olarak Kurumsal Ad Veya Yargı Alanı Adı | Uluslararası Ulaşım İşçileri Federasyonu (ITF) |
| 942 ## - EKLENDİ GİRİŞ ELEMANLARI (KOHA) | |
| Sınıflandırma Veya Raf Düzeni Kaynak | Dewey Decimal Classification |
| Koha Öğesi Türü | Books |
| 999 ## - SİSTEM KONTROL NUMARALARI (KOHA) | |
| Koha Biblionumber | 6956 |
| Koha Biblioitemnumber | 6956 |
| Kalıcı Konum | Mevcut Konum | Edinme Tarihi | Edinim Kaynak | Toplam Check-Out'Lar | Tam Çağrı Numarası | Barkod | Tarih Son Görülme | İtibaren Geçerli Fiyatlar | Koha Öğesi Türü |
|---|---|---|---|---|---|---|---|---|---|
| CHP Kütüphanesi | CHP Kütüphanesi | 11/22/2016 | Bağış | 331.88 K96 1992 | 008855 | 11/22/2016 | 11/22/2016 | Books |
